Rekreačný areál vo Vlčom hrdle v Bratislave

Enregistré dans:
Détails bibliographiques
Auteur principal: Novotná, Anna, 1986- (Auteur)
Autres auteurs: Reháčková, Tamara, 1965- (Directeur de thèse)
Format: Manuscrit Livre
Langue:slovaque
Publié: Bratislava : STU v Bratislave SvF, 2013
Sujets:
Accès en ligne:VAIS
Tags: Ajouter un tag
Pas de tags, Soyez le premier à ajouter un tag!

MARC

LEADER 00000ntm a22000003a 4500
001 stu271717
005 20150617230230.9
008 130719s2013----xo------------------slo-d
040 |a STU  |b slo 
041 0 |a slo 
044 |a xo 
100 1 |a Novotná, Anna,  |d 1986-  |4 aut  |u A  |T FAD Fakulta architektúry  |X 39776  |U A  |Y 50  |7 A000039776 
242 0 0 |a Recreation area Vlčie hrdlo   |y eng 
245 1 |a Rekreačný areál vo Vlčom hrdle v Bratislave  
260 |a Bratislava :  |b STU v Bratislave SvF,  |c 2013 
650 7 |a Landscaping and Landscape Planning  |2 estusub 
650 7 |a komunita  |2 stusub 
700 1 |a Reháčková, Tamara,  |d 1965-  |4 ths  |u A7170  |U FAD Fakulta architektúry  |T FA Ústav krajinnej a záhradnej architektúry  |X 45231  |U A7170  |Y 398  |7 A000045231 
856 4 |a info a plný text  |u http://is.stuba.sk/zp/portal_zp.pl?podrobnosti=94386  |3 VAIS